000 00578nam a2200205Ia 4500
008 131103s9999 xx 000 0 und d
020 _cRs.70
040 _aLoreto College
041 _aEnglish
082 _a891.431/MIR
_b- SHA LCLIB/HinSemLib523,524,525,526/45352,45353,45354,45355
100 _aSharma,Krishnadev
245 _aMeerabai - Padabali
_cKrishnadev Sharma
260 _aDelhi
_bRemal Book Depo
_c2004
300 _a287 p.
_c 22 cm.
630 _aMeera - Poetry - Hindi
650 _aMeerabai
651 _aHindi - Poetry
850 _aLCLIB
942 _cBK
999 _c18065
_d68544